| 000 | 00348 a2200133 4500 | ||
|---|---|---|---|
| 001 | 88415 | ||
| 082 | _aPR 630 | ||
| 090 |
_c41840 _d41840 |
||
| 100 | _aZahid Masud | ||
| 245 | _aThe Supersonic transport aircraft priliminary design | ||
| 260 |
_aKarachi _bUniversity of Karachi _c1969 |
||
| 300 | _a35p. | ||
| 500 | _aBE Project Reports | ||
| 942 |
_aUniversity of Karachi _kPR 630 |
||
| 999 |
_c323488 _d323488 |
||